| 000 | 00575nam a2200193Ia 4500 | ||
|---|---|---|---|
| 003 | GCL | ||
| 008 | 140319s9999 xx 000 0 ara d | ||
| 040 |
_aGCL / _cGCL |
||
| 082 | 0 | 4 |
_a574 _bد ب |
| 100 | 1 | _aديكو، شانتال | |
| 245 | 1 | 0 |
_aالبيوتكنولوجيات / _cديكو، شانتال |
| 700 | 1 | _aجولى، بيير بنوا | |
| 700 | 1 | _aاسعد مسلم | |
| 260 |
_a[S.N] : _bدار المستقبل العربى ، _c1992 |
||
| 300 | _a151 ص | ||
| 490 |
_aالمكتبة العالمية _v0 |
||
| 650 | 0 | 4 | _aالاحياء |
| 942 |
_2ddc _cBK |
||
| 999 |
_c34941 _d34941 |
||